000 00451 a2200169 4500
001 067251
003 OSt
005 20211102115305.0
008
082 _a339
_bH76C
100 1 _aHoover, Kevin D.
245 1 _aCausality in macroeconomics
_cby Kevin D. Hoover
260 _aUK
_bCambridge University Press
_c2001
300 _a311p.
690 _aMacroeconomics--Philosophy; Macroeconomics
942 _2ddc
_cBK
999 _c1192
_d1192